000 00350nam a2200145Ia 4500
008 220923s9999 xx 000 0 und d
020 _a97881898040030
082 _bRED
100 _aREDDY, G.B.
245 0 _aINTELLECTUAL PROPERTY RIGHTS AND THE LAW
260 _c2017
300 _a580
650 _aIntellectual Property Right
942 _cBK
999 _c195556
_d195556